00198 a2200085 4500001000700000040003500007100002100042240002700063245002200090146999 cEscola São Tomás de Aquino aBELINKY, Tatiana10aMedroso! Medroso!lpor10aMedroso! Medroso!